000
00228nam a2200097 a 4500
005
20200930070552.0
008
110913s2005 000 spa d
245
0
_a
Les cheveux blancs.
260
_a
Paris,
_c
2005.
999
_c
33339
_d
33339
040
_a
DO-SdBNP